Report of the Select Committee Reviewing the Constitution of Kenya Review Act ,1997 (Record no. 9)

MARC details
000 -LEADER
fixed length control field 00343nam a22001217a 4500
008 - FIXED-LENGTH DATA ELEMENTS--GENERAL INFORMATION
fixed length control field 230508b xxu||||| |||| 00| 0 eng d
082 ## - DEWEY DECIMAL CLASSIFICATION NUMBER
Edition number 342
Classification number .67
Item number KNA
100 ## - MAIN ENTRY--PERSONAL NAME
Dates associated with a name 1997
245 ## - TITLE STATEMENT
Title Report of the Select Committee Reviewing the Constitution of Kenya Review Act ,1997
300 ## - PHYSICAL DESCRIPTION
Extent 278p.
650 ## - SUBJECT ADDED ENTRY--TOPICAL TERM
Source of heading or term Constitution of Kenya Review
942 ## - ADDED ENTRY ELEMENTS (KOHA)
Source of classification or shelving scheme Dewey Decimal Classification
Koha item type Books
Holdings
Withdrawn status Lost status Source of classification or shelving scheme Damaged status Not for loan Home library Current library Date acquired Total Checkouts Full call number Barcode Date last seen Price effective from Koha item type
    Dewey Decimal Classification     Bunge Tower Library Bunge Tower Library 05/08/2023   342.67 KNA 10006956 05/08/2023 05/08/2023 Books
LIBRARY OPENING HOURS

When the Parliament is sitting: 8.00a.m - 7.00p.m or until the house adjourns
Mondays and Fridays and when the House is on Recess:  8.00a.m - 5.00p.m
Closed on Weekends and Public Holidays

Online Public Access Catalog (OPAC)
Website: http://www.parliament.go.ke
Bunge Library: https://libraryir.parliament.go.ke
Contact: library@parliament.go.ke | Tel no: (254-2)2221291 or 2848000 Ext 5043